| 000 | 00660nam a22002297a 4500 | ||
|---|---|---|---|
| 005 | 20170124110021.0 | ||
| 010 | _a144752 | ||
| 020 | _c00.00 | ||
| 035 | _a144752 | ||
| 037 | _bCen Lib/Ret | ||
| 040 |
_aDPL _bEN |
||
| 082 |
_a572.7 _bBEN |
||
| 100 |
_aBenedict, Ruth _919719 |
||
| 245 |
_aPatterns of culture / _cby Ruth Benedict |
||
| 260 |
_aLondon _bRoutledge and Kegan Paul _c1935 |
||
| 270 |
_bLondon _aBroadway House, Creater Lane |
||
| 300 |
_axi,211p. _c20cm(Hb) |
||
| 500 | _aIncludes bibliographical references and index | ||
| 650 |
_aCulture _919720 |
||
| 650 |
_aEthnopsychology _919721 |
||
| 942 |
_2ddc _cEN _h572.7 _mBEN |
||
| 999 |
_c127189 _d127189 |
||